000 00387cam a2200157ua 4500
041 _aeng
_h
082 _a828.09
_bELL/FR
100 _aEllis-Formor, Una .
245 _aFrontiers of drama /
_cUna Ellis Formor.
_hTextual Documents
250 _a2 /
_b.
260 _aLondon :
_bMethuen and Co. Ltd ,
_c1964.
300 _a162 ; .
504 _a
942 _cBK
999 _c7699
_d7699